Movies Quiz

Random Movies or Actress Quiz

Best Actress Oscar Winners by Biography Title Quiz Stats

 Plays Quiz not verified by Sporcle

Score 0/15 Timer 04:00
1 Play Today
% Correct
Sandra Bullock
94.1%
Audrey Hepburn
92.8%
Sophia Loren
90.8%
Grace Kelly
90%
Vivien Leigh
88.2%
Diane Keaton
87.5%
Ginger Rogers
83.8%
Joan Crawford
81.2%
% Correct
Helen Mirren
80.4%
Katharine Hepburn
75.9%
Ingrid Bergman
71.4%
Bette Davis
67.8%
Mary Pickford
67.6%
Barbra Streisand
65.2%
Greer Garson
59.8%

You're not logged in!

Compare scores with friends on all Sporcle quizzes.
OR
Log In

Show Comments

Extras

Top Quizzes Today


Score Distribution

Your Account Isn't Verified!

In order to create a playlist on Sporcle, you need to verify the email address you used during registration. Go to your Sporcle Settings to finish the process.

Report this User

Report this user for behavior that violates our Community Guidelines.

Details: